000
00221 a2200097 4500
001
13940
100
_a
Dickens Charles
245
_a
David copperfield
260
_a
HOng Kong
_b
Oxford univ press
_c
090
_c
10907
_d
10907
942
_a
NUST-CAE
_c
M
_c
1011
999
_c
249013
_d
249013